Digital design :bprinciples and practices

محفوظ في:
التفاصيل البيبلوغرافية
المؤلف الرئيسي:  Wakerly, John F
التنسيق: Sách
اللغة:Undetermined
منشور في:  Pearson Education  2018
الموضوعات:
الوسوم: إضافة وسم
لا توجد وسوم, كن أول من يضع وسما على هذه التسجيلة!
Thư viện lưu trữ: Trung tâm Thư viện - Trường Đại học Công nghiệp TP. Hồ Chí Minh
LEADER 00571nam a2200157Ia 4500
001 UIH_06126
008 231011s9999 xx 000 0 und d
082 |a  621.395 
100 |a  Wakerly, John F 
245 0 |a  Digital design :bprinciples and practices 
245 0 |c  Wakerly, John F 
260 |b  Pearson Education 
260 |c  2018 
650 |a  Digital integrated circuits; Design & and construction; Mạch tích hợp kỹ thuật số;  
927 |a Sách 
980 |a Trung tâm Thư viện - Trường Đại học Công nghiệp TP. Hồ Chí Minh